<?xml version="1.0" encoding="UTF-8"?><?xml-stylesheet type="text/xsl" href="static/style.xsl"?><OAI-PMH xmlns="http://www.openarchives.org/OAI/2.0/" xmlns:xsi="http://www.w3.org/2001/XMLSchema-instance" xsi:schemaLocation="http://www.openarchives.org/OAI/2.0/ http://www.openarchives.org/OAI/2.0/OAI-PMH.xsd"><responseDate>2026-06-03T05:26:52Z</responseDate><request verb="GetRecord" identifier="oai:riuma.uma.es:10630/37777" metadataPrefix="marc">https://riuma.uma.es/rest/oai/request</request><GetRecord><record><header><identifier>oai:riuma.uma.es:10630/37777</identifier><datestamp>2026-02-03T11:15:07Z</datestamp><setSpec>com_10630_2254</setSpec><setSpec>col_10630_37953</setSpec></header><metadata><record xmlns="http://www.loc.gov/MARC21/slim" xmlns:dcterms="http://purl.org/dc/terms/" xmlns:doc="http://www.lyncode.com/xoai" xmlns:xsi="http://www.w3.org/2001/XMLSchema-instance" xsi:schemaLocation="http://www.loc.gov/MARC21/slim http://www.loc.gov/standards/marcxml/schema/MARC21slim.xsd">
   <leader>00925njm 22002777a 4500</leader>
   <datafield ind2=" " ind1=" " tag="042">
      <subfield code="a">dc</subfield>
   </datafield>
   <datafield ind2=" " ind1=" " tag="720">
      <subfield code="a">Cuesta-Vargas, Antonio</subfield>
      <subfield code="e">author</subfield>
   </datafield>
   <datafield ind2=" " ind1=" " tag="720">
      <subfield code="a">Vera-Garcia, Elisa</subfield>
      <subfield code="e">author</subfield>
   </datafield>
   <datafield ind2=" " ind1=" " tag="720">
      <subfield code="a">Mayoral-Cleries, Fermin</subfield>
      <subfield code="e">author</subfield>
   </datafield>
   <datafield ind2=" " ind1=" " tag="720">
      <subfield code="a">Pérez-Cruzado, David Francisco</subfield>
      <subfield code="e">author</subfield>
   </datafield>
   <datafield ind2=" " ind1=" " tag="260">
      <subfield code="c">2018</subfield>
   </datafield>
   <datafield ind2=" " ind1=" " tag="520">
      <subfield code="a">Anti-psychotic medication has emerged as the primary medical treatment for people with severe mental illness, despite the great risks involved in the use of this medication. In addition, this population suffers from problems of obesity, sedentary lifestyle and poor physical fitness, which is aggravated by the use of this type of medication. The objective of this study is to explore the influence of the most commonly used antipsychotics in this population (Olanzapine and Risperidone) on physical activity and the physical fitness of people with severe mental illness. Sixty-two people between 26 and 61 years of age with severe mental illness were assessed. All participants were evaluated with a battery of 11 physical tests to assess their physical fitness and with the IPAQ-short version questionnaire to determine their level of physical activity. The doses of Risperidone and Olanzapine were also evaluated in all participants. Significant differences were found for physical activity, with higher levels reported in those patients with severe mental illness who did not take any of these medications. Regarding physical fitness, significant differences were only found for the consumption of Risperidone, with better physical fitness levels seen in patients who did not consume this medication; on the other hand, for the consumption of Olanzapine, differences were found in muscular strength, balance and aerobic condition with better values in non-Olanzapine consumers compared with Olanzapine consumers.</subfield>
   </datafield>
   <datafield ind1="8" ind2=" " tag="024">
      <subfield code="a">Perez-Cruzado D, Cuesta-Vargas A, Vera-Garcia E, Mayoral-Cleries F. Medication and physical activity and physical fitness in severe mental illness. Psychiatry Res. 2018 Sep;267:19-24. doi: 10.1016/j.psychres.2018.05.055. Epub 2018 May 23. PMID: 29879601.</subfield>
   </datafield>
   <datafield ind1="8" ind2=" " tag="024">
      <subfield code="a">https://hdl.handle.net/10630/37777</subfield>
   </datafield>
   <datafield ind1="8" ind2=" " tag="024">
      <subfield code="a">10.1016/j.psychres.2018.05.055</subfield>
   </datafield>
   <datafield tag="653" ind2=" " ind1=" ">
      <subfield code="a">Ejercicio físico - Aspectos psicológicos</subfield>
   </datafield>
   <datafield ind2="0" ind1="0" tag="245">
      <subfield code="a">Medication and physical activity and physical fitness in severe mental illness.</subfield>
   </datafield>
</record>
</metadata></record></GetRecord></OAI-PMH>